| 000 | 03369nam0a2200505 4500 | ||
|---|---|---|---|
| 001 | RU\NLR\bibl\1469196 | ||
| 005 | 20260407214607.0 | ||
| 010 |
_a5-93064-137-4 _9200 |
||
| 021 |
_aRU _b2009-100030 _96357 |
||
| 035 | _a(NLR Aleph) 001460907 | ||
| 090 |
_a1582717 _c1582717 |
||
| 100 | _a20100112d2009 |||y0rusy50 ca | ||
| 101 | 0 | _arus | |
| 102 | _aRU | ||
| 105 | _ay dm ||||| | ||
| 200 | 1 |
_aОказание медицинской помощи пострадавшим в дорожно-транспортных происшествиях с применением вертолетной авиации [Текст] _eсборник материалов однодневного методического семинара Москва, 22 октября 2009 г. |
|
| 210 |
_aМосква _cВсероссийский центр медицины катастроф "Защита" _d2009 |
||
| 215 |
_a159 с. _d20 |
||
| 300 | _aВ надзаг.: М-во здравоохранения и соц. развития Рос. Федерации, Федер. гос. учреждение "Всерос. центр медицины катастроф "Защита" | ||
| 320 | _aБиблиогр.: с. 147-155 | ||
| 606 | 1 |
_aНЕСЧАСТНЫЕ СЛУЧАИ ТРАНСПОРТНЫЕ _yМосква _jконгрессы _2rus_mesh _3R139 |
|
| 606 | 1 |
_aACCIDENTS, TRAFFIC _2rus_mesh _3E139 |
|
| 606 | 1 |
_aВОЗДУШНО-ТРАНСПОРТНЫЕ САНИТАРНЫЕ СРЕДСТВА _xорганизация и управление _yМосква _jконгрессы _2rus_mesh _3R35128-6.1 |
|
| 606 | 1 |
_aAIR AMBULANCES _xorganization and administration _2rus_mesh _3E35128-6.1 |
|
| 606 | 1 |
_aМЕДИЦИНА КАТАСТРОФ _xорганизация и управление _yМосква _jконгрессы _2rus_mesh _3R57730-8.1 |
|
| 606 | 1 |
_aDISASTER MEDICINE _xorganization and administration _2rus_mesh _3E57730-8.1 |
|
| 606 | 1 |
_aТравмы дорожно-транспортные _jСборники _xМедицинская помощь _xИспользование вертолетов _92543765 _3RU\NLR\auth\661505729 |
|
| 686 |
_a81.93.23 _2rugasnti |
||
| 686 |
_a76.01.13 _2rugasnti |
||
| 686 |
_aN06.850.135.392 _v2009 _2MESH |
||
| 686 |
_aJ01.937.285.100.100 - организация и управление _v2009 _2MESH |
||
| 686 |
_aN02.421.297.879.100.100 - организация и управление _v2009 _2MESH |
||
| 686 |
_aJ01.937.285.100.100 - organization and administration _v2009 _2MESH |
||
| 686 |
_aN02.421.297.879.100.100 - organization and administration _v2009 _2MESH |
||
| 686 |
_aH02.403.230 - организация и управление _v2009 _2MESH |
||
| 686 |
_aH02.403.230 - organization and administration _v2009 _2MESH |
||
| 686 | _aР11(2)23я43 | ||
| 711 | 1 | 2 |
_a"Оказание медицинской помощи пострадавшим в дорожно-транспортных происшествиях с применением вертолетной авиации", методический семинар _f2009 _eМосква _3RU\NLR\AUTH\8810144335 _9783136 |
| 801 | 0 |
_aRU _bЦНМБ _c20100112 _gPSBO |
|
| 801 | 1 |
_aRU _bЦНМБ _c20100112 |
|
| 801 | 2 |
_aRU _bЦНМБ _c20100128 |
|
| 801 | 2 |
_aRU _bNLR _c20100204 _grcr |
|
| 942 | _cBOOK | ||
| 980 | _aNB | ||